Análisis del Documento confidencial del Departamento de Estado a su Embajada en San Salvador: Programa para el Progreso Político en El Salvador

Guardado en:
書目詳細資料
格式: Texto
出版: s.l.: Centro de Estudios Económicos y Sociales del Tercer Mundo
標簽: 添加標簽
沒有標簽, 成為第一個標記此記錄!

MARC

LEADER 00000 a a2200000 04500
001 24872
003
040
090 |a 178800  
245 |a Análisis del Documento confidencial del Departamento de Estado a su Embajada en San Salvador: Programa para el Progreso Político en El Salvador  
260 |a s.l.:   |b Centro de Estudios Económicos y Sociales del Tercer Mundo  
300 |a pp. 206-212  
999 |c 11630  |d 11630